000
00300nam a2200133Ia 4500
008
231129s1968||||xx |||||||||||||| ||spa||
040
_b
spa
082
_a
853 P337p
100
_a
Pavese Cesare
245
0
_a
La playa y otros relatos
260
_c
1968
264
_a
Seix Barral
942
_2
ddc
_c
BKS
999
_c
17945
_d
17945